000 00746nam a2200229 a 4500
001 BRCA_7646
005 20190320205927.0
008 260713s1953----gw-a######---#000-0#ger-#
041 _ager
044 _agw
050 4 _aNK2981
_b.B55 1953
245 1 0 _aBildteppiche aus sechs Jahrhunderten
_bausstellung im Museum fur Kunst und Gewerbe, Hamburg 21 juli bis oktober 1953.
260 _aHamburgo
_bMuseum für Kunst und Gewerbe
_c1953
300 _a174 p.
_bil., 51 láminas
_c21 cm.
500 _aT58
650 1 4 _aTapices
_vExposiciones
_911997
650 1 4 _aTapices
_xHistoria
_95686
650 1 4 _aGalerías y museos
_zAlemania
_95059
710 2 _aMuseum fur Kunst und Gewerbe (Hamburgo, Alemania)
_918856
902 _aGFM
942 _2lcc
_cB
999 _c7320
_d7320